Определение содержания по объёму стальных фибр в сталефибробетоне / (Rekord nr 7151)
| 000 -ETYKIETA REKORDU | |
|---|---|
| podpole kontrolne o stałej długości | 01426naa a2200205 i 4500 |
| 001 - NUMER KONTROLNY REKORDU | |
| podpole kontrolne | 7151 |
| 003 - IDENTYFIKATOR NUMERU KONTROLNEGO REKORDU | |
| podpole kontrolne | KOSZ 005 |
| 005 - DATA OSTATNIEJ MODYFIKACJI REKORDU | |
| podpole kontrolne | 20180508103155.0 |
| 008 - POLE O STAŁEJ DŁUGOŚCI - DANE KONTROLNE | |
| podpole kontrolne o stałej długości | 150324s1982 bu f |100 0 rus |
| 040 ## - ŹRÓDŁO KATALOGOWANIA | |
| Instytucja, która utworzyła rekord | BPK |
| Instytucja, która dokonała modyfikacji | KOSZ 005/EG |
| 041 ## - KOD JĘZYKA | |
| Kod języka tekstu | rus |
| 044 ## - KOD KRAJU WYDAWCY/PRODUCENTA | |
| Kod kraju wydawcy/producenta | BGR |
| 080 ## - UNIWERSALNA KLASYFIKACJA DZIESIĘTNA - UKD | |
| UKD | 624.012.4 |
| 100 1# - NAZWA OSOBOWA | |
| Nazwa osobowa | ROMANOWSKI, Adam. |
| Lata pracy | 1971 - 1996. |
| Instytucja | Wyższa Szkoła Inżynierska w Koszalinie - Instytut Budownictwa Lądowego, |
| Wydział | Zakład Konstrukcji Metalowych |
| 245 10 - TYTUŁ/ODPOWIEDZIALNOŚĆ | |
| Tytuł | Определение содержания по объёму стальных фибр в сталефибробетоне / |
| Pozostałe elementy strefy tytułu i oznaczenia odpowiedzialności | А. Романовски, С. Сонсядек. |
| 500 ## - UWAGI OGÓLNE | |
| Tekst uwagi | Dane z kartoteki bpp. |
| 711 ## - HASŁO DODATKOWE - NAZWA IMPREZY | |
| Nazwa imprezy | Nacionalnaja konf.po mechanike i technologii kompoziscionnych materialo-posvjascena 1300-letiju sozdanika Bolgarskogo Gosudarstva i 10-letiju obrazovanija Central'noj Laboratorii Fiziko-chimiceskokoj Mechaniki Bolgarskoj Akademii Nauk |
| Oznaczenie części/sekcji dzieła | (3 ; |
| Data imprezy | 1982.10.04-06 ; |
| Miejsce imprezy | Varna, Bułgaria). |
| 773 ## - TYTUŁ DOKUMENTU MACIERZYSTEGO | |
| Wyrażenie wprowadzające | W : |
| Tytuł | III Национальная Конференция по механике и технологии композисионных материалов посвящена 1300-летию Центральной лаборатории физико-хемической механики Болгарской Академии Наук. - |
| Adres wydawniczy | София : Изд. Болгарсой Академии Наук, 1982. - |
| Informacje dotyczące relacji | s. 580-583 |
| 942 ## - HASŁO DODATKOWE - ELEMENTY(KOHA) | |
| Typ dokumentu | Artykuł |
| Schemat klasyfikacji | Uniwersalna klasyfikacja dziesiętna |
Brak dostępnych egzemplarzy.
